000 00615nam a2200241 a 4500
001 nice12345678
003 IN_TiNIC
005 20260116013123.0
008 050524s1998 oxfa grp 000 0 eng
020 _a0745994
_c695
082 0 0 _a232.95
_bTHO
100 _aThomas, Gordon
245 _aMagdalene
_b Jesus and the Woman Who Loved Him.
260 _aOxford
_bLion Publishing
_c1998
300 _a319p
500 _aincludes index and biblioraphy
505 2 _aBibliography
650 _aJesus Christ-Magdalene
700 1 _aThomas, Gordon
902 _bSRS
942 _cBK
999 _c9739
_d9739